00346nam a2200121Ia 4500008004100000040001700041041001200058082001400070100002000084245006900104260004000173300001100213230917s9999||||xx |||||||||||||| ||und|| e195360aMAIN aEnglish a958 H125M aHaidar, Mansura 0aMedieval Central Asia: Policy, economy and military organization aNew DelhibManohar Publishersc2004 a525 p.